LEADER 00742naa a2200145 i 4500 001 000000295589 003 CaOOAMICUS 005 20180831172529.0 008 180831n xx u000 u und u 013 $a2884 040 $aSeMil$bita 100 1 $aDianich, Severino <1934- >.$0(OLS)http://semarc/name/16304 245 10$aEdificare una chiesa, abitare e celebrare in un luogo, come agire comunicativo della comunità cristiana. 773 0 $tSpazio e rito.$dRoma : CLV Edizioni Liturgiche, stampa 1996.$kBibliotheca Ephemerides Liturgicae. Subsidia$kStudi di liturgia. Nuova serie$z88-86655-06-1$w()48092 996 $6245$aEdificare una chiesa, abitare e celebrare in un luogo, come agire comunicativo della comunità cristiana$9(OLS)http://semarc/title/371646 LEADER 01077nam a2200241 i 4500 001 000000232520 003 CaOOAMICUS 005 20140901000000.0 008 140901s1977 it u000 u eng u 013 $a211423 040 $aSeMil$bita 100 1 $aWilson, Robert R.$0(OLS)http://semarc/name/79839 245 10$aGenealogy and history in the biblical world /$cRobert R. Wilson. 260 $aNew Haven ; London :$bYale University Press,$c1977. 300 $axv, 222 p. ;$c25 cm. 490 0 $aYale Near Eastern Researches ;$v7 650 4$aBibbia - Commentari, studi, critica, interpretazioni.$0(OLS)http://semarc/subject/783 650 4$aBibbia - Storia.$0(OLS)http://semarc/subject/4025 830 0$aYale Near Eastern Researches ;$v7.$0(OLS)http://semarc/title/41430 850 $aSeMil 852 $aSeMil$W1$xVenegono$y1$m2Z IV 107$j270761$B182866$CSeMilBibl$Z2$F193886 $81 996 $6245$aGenealogy and history in the biblical world$9(OLS)http://semarc/title/331786 996 $6260$aNew Haven ; London :$bYale University Press$9(OLS)http://semarc/publisher/30327